CHARACTERISTICS of major soils under lowland dipterocarp forest in East Kalimantan, Indonesia

Bibliographic Details
Other Authors: Ohta
Format: Book
Published: Samarinda, East Kalimantan, Indonesia : JICA Tropical Rain Forest Research Project , 1992
Series:PUSREHUT special publication; n. 2
Subjects:

MARC

LEADER 00000cam a2200000 7i4500
001 0000001558
005 20010802.0
090 0 0 |a 634.9   |b CHA 1992 
245 0 0 |a CHARACTERISTICS of major soils under lowland dipterocarp forest in East Kalimantan, Indonesia   |c Seiichi Ohta ... (et al.) 
260 0 0 |a Samarinda, East Kalimantan, Indonesia :   |b JICA Tropical Rain Forest Research Project ,   |c 1992 
300 |a 72p. :   |b ill. ;   |c 26 cm. 
440 0 0 |a PUSREHUT special publication; n. 2 
500 0 0 |a Bibliography : p. 61-62 
650 0 0 |a Dipterocarpaceae   |x Ecology   |z Indonesia   |z Kalimantan Timur 
650 0 0 |a Rain forest ecology   |z Indonesia   |z Kalimantan Timur 
700 0 1 |a Ohta   |h Seiichi 
998 |a JPSM 
999 |a 0000000704   |b Monograph   |c Open Shelf   |e Default branch